Statistics for Song Lyrics Rammstein - Küss mich (Fellfrosch)

Click here to take the quiz!

General Stats

  • This quiz has been taken 4 times
  • The average score is 134 of 185

Answer Stats

Answer% Correct
das
100%
Das
100%
der
100%
Die
100%
im
100%
in
100%
Küss
100%
Mich
100%
mich
100%
Zunge
100%
aus
75%
bitter
75%
dann
75%
es
75%
etwas
75%
Finsternis
75%
fleht
75%
Gefangen
75%
gefingert
75%
Geilheit
75%
geküsst,
75%
immer
75%
ja
75%
Licht
75%
Mund
75%
nie
75%
nur
75%
schmeckt
75%
Sie
75%
sie
75%
Sieht
75%
Sonne
75%
still
75%
Und
75%
und
75%
Vor
75%
Weil
75%
weil
75%
werden
75%
will
75%
wird
75%
Wird
75%
an
50%
Auf
50%
auf
50%
beißt
50%
dem
50%
Doch
50%
dürren
50%
Ekstase
50%
fest
50%
feuchte
50%
feuchten
50%
Gesicht
50%
Gras
50%
hält
50%
ihr
50%
ins
50%
lässt
50%
lecken
50%
Lippen
50%
meine
50%
nass,
50%
selten
50%
wenn
50%
zuckend
50%
Auch
25%
Äugelein
25%
Bläht
25%
blutet
25%
gerne
25%
heftig
25%
jeder
25%
jetzt
25%
kriecht
25%
Manne
25%
Mehrmals
25%
Nase
25%
schlägt
25%
schrecklich
25%
sich
25%
wild
25%

Score Distribution

Percentile by Number Answered

Percent of People with Each Score

Your Score History

You have not taken this quiz